[Event "GRE-chT 46th"]
[Site "Rio Achaia"]
[Date "2018.07.10"]
[Round "1.4"]
[White "Vozinaki, Anthi Maria"]
[Black "Liapi Zenebisi, Irini"]
[Result "0-1"]
[WhiteElo "1971"]
[BlackElo "1788"]
[PlyCount "70"]
[EventDate "2018.07.10"]
[EventType "team"]
[EventRounds "7"]
[EventCountry "GRE"]
[SourceTitle "CBM 185 Extra"]
[Source "ChessBase"]
[SourceDate "2018.07.29"]
[SourceVersion "1"]
[SourceVersionDate "2018.07.29"]
[SourceQuality "1"]
[WhiteTeam "Chania"]
[BlackTeam "Alexandropulis Mas National"]
[WhiteTeamCountry "GRE"]
[BlackTeamCountry "GRE"]

1. e4 c5 2. Nf3 Nc6 3. d4 cxd4 4. Nxd4 Nf6 5. Nc3 e6 6. Ndb5 Bb4 7. a3 Bxc3+ 8. Nxc3 d5 9. exd5 exd5 10. Bd3 0-0 11. 0-0 d4 12. Ne2 Bg4 13. f3 Bh5 14. Bg5 Bg6 15. Kh1 Re8 16. Bxg6 hxg6 17. Qd2 Qb6 18. Rfd1 Rad8 19. Ng3 Ne5 20. Qb4 Qxb4 21. axb4 a6 22. Bxf6 gxf6 23. Ne4 Kg7 24. Nc5 Re7 25. Re1 Rc7 26. f4 Nc4 27. b3 Ne3 28. Re2 Nd5 29. Nd3 Rdc8 30. Ra5 Ne3 31. c4 dxc3 32. Rxe3 c2 33. Rc5 Rxc5 34. bxc5 Rd8 35. Re2 c1Q+ 0-1

[Event "GRE-chT 45th"]
[Site "Achaia"]
[Date "2017.07.05"]
[Round "4.6"]
[White "Papageorgiou, Fotini"]
[Black "Liapi Zenebisi, Irini"]
[Result "0-1"]
[WhiteElo "1427"]
[BlackElo "1791"]
[PlyCount "72"]
[EventDate "2017.07.03"]
[EventType "team-swiss"]
[EventRounds "7"]
[EventCountry "GRE"]
[SourceTitle "CBM 179 Extra"]
[Source "ChessBase"]
[SourceDate "2017.08.23"]
[SourceVersion "1"]
[SourceVersionDate "2017.08.23"]
[SourceQuality "1"]
[WhiteTeam "Glyfadas Zenon"]
[BlackTeam "Alexandroupolis Ethnikos"]
[WhiteTeamCountry "GRE"]
[BlackTeamCountry "GRE"]

1. e4 c5 2. Nf3 a6 3. d4 cxd4 4. Nxd4 Nf6 5. Nc3 e5 6. Nf3 Bb4 7. Bd3 0-0 8. Bd2 d6 9. 0-0 Nc6 10. Ne2 Bc5 11. h3 h6 12. Ng3 Be6 13. Qe2 Rc8 14. c3 Nd7 15. Be3 Qe7 16. Nd2 Bxe3 17. Qxe3 Nc5 18. Bc2 b5 19. Nb3 Na4 20. Rfb1 Qc7 21. Nd2 Nb6 22. Bb3 Na5 23. Rc1 Nxb3 24. axb3 Qb7 25. Qf3 d5 26. Qh5 Nd7 27. Ra3 b4 28. Raa1 Nc5 29. exd5 Bxd5 30. c4 Nd3 31. Rcb1 Bc6 32. Qf5 Rcd8 33. Nde4 Rd4 34. f3 Bd7 35. Qh5 f5 36. Nf2 Nf4 0-1

[Event "GRE-chT 45th"]
[Site "Achaia"]
[Date "2017.07.03"]
[Round "1.16"]
[White "Liapi Zenebisi, Irini"]
[Black "Triantopoulou, Afroditi"]
[Result "1-0"]
[WhiteElo "1791"]
[BlackElo "1113"]
[PlyCount "69"]
[EventDate "2017.07.03"]
[EventType "team-swiss"]
[EventRounds "7"]
[EventCountry "GRE"]
[SourceTitle "CBM 179 Extra"]
[Source "ChessBase"]
[SourceDate "2017.08.23"]
[SourceVersion "1"]
[SourceVersionDate "2017.08.23"]
[SourceQuality "1"]
[WhiteTeam "Alexandroupolis Ethnikos"]
[BlackTeam "Filiatron CN"]
[WhiteTeamCountry "GRE"]
[BlackTeamCountry "GRE"]

1. d4 Nf6 2. Nf3 e6 3. c4 d5 4. g3 Be7 5. Bg2 0-0 6. Qc2 Nbd7 7. 0-0 c6 8. Nbd2 Re8 9. Rd1 Bb4 10. e4 Bxd2 11. Nxd2 dxe4 12. Nxe4 Nxe4 13. Bxe4 Nf6 14. Bg2 Bd7 15. Bf4 b5 16. cxb5 cxb5 17. Bg5 Rc8 18. Qb3 Qb6 19. Bxf6 gxf6 20. Qf3 Kf8 21. Qxf6 Bc6 22. Qh6+ Kg8 23. Qg5+ Kf8 24. Bxc6 Qxc6 25. Rac1 Qd7 26. Rc5 Rxc5 27. Qxc5+ Kg8 28. Rc1 a6 29. Qg5+ Kf8 30. Qh6+ Kg8 31. Qf6 Kf8 32. Qh8+ Ke7 33. Qe5 Kf8 34. Rc7 Qd8 35. Qh8# 1-0

[Event "GRE-chT 44th"]
[Site "Achaia"]
[Date "2016.07.09"]
[Round "6.13"]
[White "Kafetzi, Angeliki"]
[Black "Liapi Zenebisi, Irini"]
[Result "1-0"]
[WhiteElo "1774"]
[BlackElo "1804"]
[PlyCount "55"]
[EventDate "2016.07.05"]
[EventType "team-swiss"]
[EventRounds "7"]
[EventCountry "GRE"]
[SourceTitle "CBM 173 Extra"]
[Source "ChessBase"]
[SourceDate "2016.08.29"]
[SourceVersion "1"]
[SourceVersionDate "2016.08.29"]
[SourceQuality "1"]
[WhiteTeam "Kavalas OFS"]
[BlackTeam "Egaleo CN"]
[WhiteTeamCountry "GRE"]
[BlackTeamCountry "GRE"]

1. e4 c5 2. Nf3 e6 3. d4 cxd4 4. Nxd4 a6 5. Nc3 Qc7 6. Bd3 Nc6 7. Nb3 Nf6 8. 0-0 Be7 9. f4 d6 10. Qe2 h5 11. Bd2 b5 12. Rae1 Nd7 13. Kh1 Bf6 14. a3 Nb6 15. Qf2 Nc4 16. Bc1 Rb8 17. Nd2 Nxa3 18. e5 dxe5 19. bxa3 exf4 20. Nd5 Qd8 21. Nxf6+ Qxf6 22. Ne4 Qe7 23. Bxf4 e5 24. Be3 Be6 25. Bc5 Qd7 26. Nd6+ Kd8 27. Nxf7+ Bxf7 28. Qxf7 1-0

[Event "Paleochora op 8th"]
[Site "Paleochora"]
[Date "2015.07.17"]
[Round "1"]
[White "Michelakos, Panagiotis"]
[Black "Liapi Zenebisi, Irini"]
[Result "1-0"]
[WhiteElo "2329"]
[BlackElo "1603"]
[PlyCount "45"]
[EventDate "2015.07.17"]
[EventType "swiss"]
[EventRounds "9"]
[EventCountry "GRE"]
[SourceTitle "CBM 167 Extra"]
[Source "ChessBase"]
[SourceDate "2015.09.14"]
[SourceVersion "1"]
[SourceVersionDate "2015.09.14"]
[SourceQuality "1"]

1. d4 Nf6 2. c4 e6 3. Nf3 b6 4. g3 Bb7 5. Bg2 Be7 6. 0-0 0-0 7. Nc3 Ne4 8. Qc2 Nxc3 9. bxc3 f5 10. Ne1 Bxg2 11. Nxg2 Nc6 12. e4 fxe4 13. Qxe4 Bf6 14. Ba3 Rf7 15. Ne3 Kh8 16. f4 Qc8 17. g4 Qa6 18. Bc1 g6 19. Rf3 Na5 20. Rh3 Kg7 21. g5 Be7 22. Qe5+ Kg8 23. Ng4 1-0

[Event "GRE-chT 42nd"]
[Site "Porto Rio"]
[Date "2014.07.03"]
[Round "7.5"]
[White "Liapi Zenebisi, Irini"]
[Black "Terzidaki, Alexandra"]
[Result "0-1"]
[WhiteElo "1574"]
[BlackElo "1918"]
[PlyCount "92"]
[EventDate "2014.06.28"]
[EventType "team-swiss"]
[EventRounds "7"]
[EventCountry "GRE"]
[SourceTitle "CBM 161 Extra"]
[Source "ChessBase"]
[SourceDate "2014.08.29"]
[SourceVersion "1"]
[SourceVersionDate "2014.08.29"]
[SourceQuality "1"]
[WhiteTeam "Aigaleo"]
[BlackTeam "Elefsinas STM"]
[WhiteTeamCountry "GRE"]
[BlackTeamCountry "GRE"]

1. d4 Nf6 2. c4 e6 3. g3 Bb4+ 4. Bd2 Qe7 5. Bg2 Nc6 6. e3 Bxd2+ 7. Nxd2 0-0 8. Ngf3 d6 9. 0-0 a5 10. b3 e5 11. d5 Nb4 12. a3 Na6 13. e4 c6 14. Qc2 Bd7 15. dxc6 bxc6 16. Rfe1 Rfb8 17. Rab1 c5 18. Nf1 Bc6 19. Nh4 g6 20. Ne3 Nc7 21. Nd5 Bxd5 22. exd5 Nd7 23. f4 f5 24. fxe5 Nxe5 25. Nf3 Nxf3+ 26. Bxf3 Qf6 27. Qd2 Re8 28. Rxe8+ Nxe8 29. Re1 Ng7 30. Kg2 Kf7 31. b4 axb4 32. axb4 cxb4 33. Qxb4 Ra2+ 34. Kh1 g5 35. Qb1 Rf2 36. Bh5+ Kg8 37. Qb6 Rb2 38. Qc7 h6 39. Re7 Rb1+ 40. Kg2 Rb2+ 41. Be2 f4 42. Qc8+ Kh7 43. Rxg7+ Kxg7 44. Qd7+ Qf7 45. Qxf7+ Kxf7 46. Kf3 g4+ 0-1

[Event "Attica-ch U16 Girls"]
[Site "Athens"]
[Date "2014.04.12"]
[Round "2.2"]
[White "Poulopoulou, Ekaterini"]
[Black "Liapi Zenebisi, Irini"]
[Result "0-1"]
[WhiteElo "1556"]
[BlackElo "1556"]
[PlyCount "82"]
[EventDate "2014.04.11"]
[EventType "swiss"]
[EventRounds "7"]
[EventCountry "GRE"]
[SourceTitle "EXT 2024"]
[Source "ChessBase"]
[SourceDate "2023.10.10"]
[SourceVersion "1"]
[SourceVersionDate "2023.10.10"]
[SourceQuality "1"]

1. d4 Nf6 2. c4 e6 3. g3 d5 4. Bg2 Bb4+ 5. Bd2 Be7 6. Nf3 c6 7. Qc2 0-0 8. 0-0 b6 9. Bg5 Nbd7 10. Nbd2 h6 11. Bxf6 Nxf6 12. e4 dxe4 13. Nxe4 Bb7 14. Rfd1 Qc7 15. Nxf6+ Bxf6 16. c5 Rfd8 17. Rd2 Rd7 18. Rad1 Rad8 19. a3 g6 20. b4 Kg7 21. Qb3 bxc5 22. bxc5 Ba6 23. Qc3 Bb5 24. Re1 Qb7 25. Ne5 Bxe5 26. Rxe5 Kh7 27. h4 h5 28. Bf3 Qa6 29. Qe3 Qa4 30. Re4 Bc4 31. Rf4 Rb8 32. g4 Rb3 33. Qe5 Qxa3 34. Bd1 Rd3 35. Rxd3 Qxd3 36. Bf3 Qf1+ 37. Kh2 Qxf2+ 38. Bg2 Qxh4+ 39. Bh3 hxg4 40. Rxg4 Qf2+ 41. Bg2 Rd5 0-1

[Event "GRE-ch U18 Girls"]
[Site "Thessaloniki"]
[Date "2014.01.03"]
[Round "2"]
[White "Liapi Zenebisi, Irini"]
[Black "Poulopoulou, Ekaterini"]
[Result "0-1"]
[WhiteElo "1580"]
[BlackElo "1567"]
[PlyCount "84"]
[EventDate "2014.01.02"]
[EventType "swiss"]
[EventRounds "7"]
[EventCountry "GRE"]
[SourceTitle "EXT 2017"]
[Source "ChessBase"]
[SourceDate "2016.10.25"]
[SourceVersion "1"]
[SourceVersionDate "2016.10.25"]
[SourceQuality "1"]

1. d4 Nf6 2. c4 e6 3. g3 Bb4+ 4. Bd2 Qe7 5. Bg2 0-0 6. a3 Bxd2+ 7. Nxd2 d6 8. Ngf3 Nbd7 9. 0-0 e5 10. Qc2 Re8 11. e3 Nf8 12. b4 Ng6 13. h3 Rf8 14. Rac1 Ne8 15. e4 Bd7 16. dxe5 dxe5 17. Rfd1 Nf6 18. Nb1 a5 19. c5 axb4 20. axb4 Ba4 21. Qb2 Bxd1 22. Rxd1 Rfd8 23. Re1 h6 24. Bf1 Qe6 25. Nc3 c6 26. Nd2 Rd4 27. Nf3 Rd7 28. Nd2 Rd4 29. Nf3 Rdd8 30. Nd2 Ne8 31. Nc4 Rd4 32. Na5 Ra7 33. Qc2 Rxb4 34. Na2 Rd4 35. Nb3 Rd8 36. Kg2 Qd7 37. Nc3 Qe6 38. Na2 Qe7 39. Bc4 Qg5 40. Nb4 Nh4+ 41. Kf1 Nf3 42. Re3 Nd4 0-1

[Event "GRE-ch U18 Girls"]
[Site "Thessaloniki"]
[Date "2014.01.02"]
[Round "1"]
[White "Filoxeni, Danai"]
[Black "Liapi Zenebisi, Irini"]
[Result "1-0"]
[WhiteElo "1433"]
[BlackElo "1580"]
[PlyCount "87"]
[EventDate "2014.01.02"]
[EventType "swiss"]
[EventRounds "7"]
[EventCountry "GRE"]
[SourceTitle "EXT 2017"]
[Source "ChessBase"]
[SourceDate "2016.10.25"]
[SourceVersion "1"]
[SourceVersionDate "2016.10.25"]
[SourceQuality "1"]

1. d4 Nf6 2. c4 e6 3. a3 b6 4. Nc3 Bb7 5. Bf4 d6 6. e3 Nbd7 7. Nf3 Be7 8. Be2 Nh5 9. Bg3 Nxg3 10. hxg3 c5 11. 0-0 cxd4 12. Nxd4 0-0 13. Bf3 Bxf3 14. Qxf3 Ne5 15. Qe2 Qc8 16. b3 Nc6 17. Nxc6 Qxc6 18. Rac1 Rac8 19. Nb5 Qd7 20. Rfd1 a6 21. Nc3 Qc7 22. Rd2 Bf6 23. Ne4 Be7 24. Rdd1 d5 25. Nd2 dxc4 26. Rxc4 Qb7 27. a4 Rfd8 28. Rdc1 Rxc4 29. Rxc4 b5 30. axb5 axb5 31. Rc1 Qd5 32. Rc2 Bb4 33. e4 Qd7 34. Nf3 f6 35. Rc1 Ra8 36. Rd1 Qb7 37. Nd4 Rd8 38. Nxe6 Rxd1+ 39. Qxd1 Qxe4 40. Qd8+ Kf7 41. Qd7+ Be7 42. Nc7 Qb1+ 43. Kh2 Qxb3 44. Qe8# 1-0

[Event "GRE-chT 41st"]
[Site "Achaia"]
[Date "2013.07.03"]
[Round "2.6"]
[White "Hnara, Maria Danai"]
[Black "Liapi Zenebisi, Irini"]
[Result "1-0"]
[WhiteElo "1675"]
[BlackElo "1534"]
[PlyCount "55"]
[EventDate "2013.07.02"]
[EventType "team-swiss"]
[EventRounds "7"]
[EventCountry "GRE"]
[SourceTitle "CBM 155 Extra"]
[Source "ChessBase"]
[SourceDate "2013.08.26"]
[SourceVersion "1"]
[SourceVersionDate "2013.08.26"]
[SourceQuality "1"]
[WhiteTeam "Chania Kydon"]
[BlackTeam "Egaleo CN"]
[WhiteTeamCountry "GRE"]
[BlackTeamCountry "GRE"]

1. e4 c5 2. Nf3 e6 3. d4 cxd4 4. Nxd4 Nc6 5. a3 Qc7 6. Nc3 a6 7. Be3 b5 8. Bd3 Bb7 9. 0-0 Nf6 10. f4 b4 11. axb4 Bxb4 12. Nde2 d6 13. Kh1 0-0 14. Na4 Ba5 15. c3 Qd8 16. Ng3 Bc7 17. Nh5 Re8 18. Nxf6+ Qxf6 19. e5 dxe5 20. Nc5 Bc8 21. Be4 Rd8 22. Qc2 Rd6 23. Bxh7+ Kf8 24. Ne4 Qh6 25. Nxd6 Bxd6 26. fxe5 Qxe3 27. exd6 Bd7 28. Rxf7+ 1-0

[Event "Attica-ch U14 Girls"]
[Site "Peristeri"]
[Date "2012.04.17"]
[Round "1"]
[White "Liapi Zenebisi, Irini"]
[Black "Lalou, Konstantina"]
[Result "0-1"]
[WhiteElo "1473"]
[BlackElo "1010"]
[PlyCount "86"]
[EventDate "2012.04.17"]
[EventType "swiss"]
[EventRounds "7"]
[EventCountry "GRE"]
[SourceTitle "EXT 2024"]
[Source "ChessBase"]
[SourceDate "2023.10.10"]
[SourceVersion "1"]
[SourceVersionDate "2023.10.10"]
[SourceQuality "1"]

1. e4 e5 2. Nf3 Nc6 3. Bb5 Bc5 4. 0-0 Nd4 5. Nxd4 Bxd4 6. c3 Bb6 7. d4 c6 8. Ba4 d6 9. Re1 h6 10. Na3 Bc7 11. Bb3 Nf6 12. Nc4 0-0 13. Nd2 Be6 14. Bc2 b5 15. h3 a5 16. Nf3 Qe7 17. Qd3 Bd7 18. Bb3 c5 19. dxc5 dxc5 20. c4 a4 21. Bc2 b4 22. Be3 Bc6 23. Nd2 Rfd8 24. Qe2 Rd7 25. b3 axb3 26. axb3 Rdd8 27. f3 Nh5 28. Qf2 Nf4 29. Bxc5 Qd7 30. Bxb4 Rab8 31. Bc3 Qe7 32. b4 Ne6 33. c5 Bb5 34. Nb3 Nf4 35. Rad1 Rxd1 36. Bxd1 Nd3 37. Qe2 Nxe1 38. Qxe1 Rd8 39. Nc1 Rd7 40. Bb3 Kh8 41. Kh2 Rd8 42. Qf2 Qf6 43. Qa2 Qf4+ 0-1

[Event "GRE-chT 39th"]
[Site "Eretria"]
[Date "2011.07.07"]
[Round "6.11"]
[White "Liapi Zenebisi, Irini"]
[Black "Anastasopoulou, Andrianna"]
[Result "0-1"]
[WhiteElo "1416"]
[BlackElo "1786"]
[PlyCount "90"]
[EventDate "2011.07.03"]
[EventType "team-swiss"]
[EventRounds "7"]
[EventCountry "GRE"]
[SourceTitle "CBM 143 Extra"]
[Source "ChessBase"]
[SourceDate "2011.08.29"]
[SourceVersion "1"]
[SourceVersionDate "2011.08.29"]
[SourceQuality "1"]
[WhiteTeam "Aigaleo"]
[BlackTeam "Ilioupolis"]
[WhiteTeamCountry "GRE"]
[BlackTeamCountry "GRE"]

1. e4 d5 2. exd5 Qxd5 3. Nc3 Qa5 4. Bc4 Nf6 5. d4 Bg4 6. Nf3 c6 7. Bd2 e6 8. h3 Bh5 9. Nd5 Qd8 10. Nxf6+ gxf6 11. c3 Nd7 12. Qe2 Nb6 13. Bb3 Bd6 14. 0-0-0 Qc7 15. g4 Bg6 16. Nh4 0-0-0 17. Nxg6 hxg6 18. Qf3 f5 19. Rdg1 Nd5 20. Kb1 Nf6 21. Bc2 Be7 22. Bf4 Qd7 23. Be5 Rh7 24. Qe2 Nd5 25. Bg3 f4 26. Bh2 Rxh3 27. Be4 Rdh8 28. Rg2 Bd6 29. f3 g5 30. Re1 Ne3 31. Rf2 c5 32. Bg1 Kb8 33. dxc5 Bxc5 34. Rh2 Rxh2 35. Bxh2 f5 36. gxf5 exf5 37. Bd3 Rxh2 38. Qxh2 Qxd3+ 39. Kc1 Bf8 40. Qf2 Bd6 41. Qh2 Be5 42. Rg1 g4 43. fxg4 fxg4 44. b3 Qxc3+ 45. Kb1 Qa1# 0-1

[Event "GRE-ch U14 Girls"]
[Site "Eretria"]
[Date "2011.06.28"]
[Round "6.4"]
[White "Liapi Zenebisi, Irini"]
[Black "Kafetzi, Angeliki"]
[Result "0-1"]
[WhiteElo "1416"]
[BlackElo "1642"]
[PlyCount "127"]
[EventDate "2011.06.25"]
[EventType "swiss"]
[EventRounds "9"]
[EventCountry "GRE"]
[SourceTitle "EXT 2024"]
[Source "ChessBase"]
[SourceDate "2023.10.10"]
[SourceVersion "1"]
[SourceVersionDate "2023.10.10"]
[SourceQuality "1"]

1. e4 c5 2. Nf3 d6 3. d4 cxd4 4. Qxd4 Nf6 5. Nc3 e5 6. Bb5+ Bd7 7. Bxd7+ Nbxd7 8. Qa4 Be7 9. Bg5 0-0 10. 0-0-0 a6 11. Bxf6 Bxf6 12. Rxd6 b5 13. Qb3 Qc7 14. Rdd1 Nc5 15. Qa3 Rfc8 16. Nd5 Qb7 17. Qe3 b4 18. Nd2 a5 19. Nb3 Nd7 20. Kb1 a4 21. Na1 Nc5 22. Rc1 Rc6 23. Qe1 Rb8 24. h4 Bd8 25. Qe2 Ra6 26. Qc4 Ra5 27. f3 Ne6 28. Qe2 Nc7 29. Nxc7 Bxc7 30. Qc4 Bd8 31. g3 Qa7 32. Rhd1 Bb6 33. Rd5 Bd4 34. Rxa5 Qxa5 35. f4 Kf8 36. Qd5 Qxd5 37. exd5 e4 38. g4 e3 39. Re1 Re8 40. Re2 Re4 41. c3 bxc3 42. bxc3 Bxc3 43. Nc2 Bd2 44. Kb2 Ke7 45. Na3 Rxf4 46. Nb1 Rd4 47. Nxd2 Rxd2+ 48. Rxd2 exd2 49. Kc2 Kd6 50. Kxd2 Kxd5 51. Kc3 Kc5 52. h5 g6 53. hxg6 hxg6 54. g5 f5 55. gxf6 Kd6 56. Kd4 Ke6 57. Ke4 Kxf6 58. Kf4 a3 59. Kg4 Ke5 60. Kg5 Kd4 61. Kxg6 Kc3 62. Kf5 Kb2 63. Ke4 Kxa2 64. Ke5 0-1

[Event "GRE-ch U14 Girls"]
[Site "Eretria"]
[Date "2011.06.27"]
[Round "4.5"]
[White "Liapi Zenebisi, Irini"]
[Black "Fragkou, Maria"]
[Result "0-1"]
[WhiteElo "1416"]
[BlackElo "1491"]
[PlyCount "94"]
[EventDate "2011.06.25"]
[EventType "swiss"]
[EventRounds "9"]
[EventCountry "GRE"]
[SourceTitle "EXT 2024"]
[Source "ChessBase"]
[SourceDate "2023.10.10"]
[SourceVersion "1"]
[SourceVersionDate "2023.10.10"]
[SourceQuality "1"]

1. e4 e5 2. Nc3 Bc5 3. f4 d6 4. Nf3 Bg4 5. h3 Bxf3 6. Qxf3 exf4 7. Qxf4 Qf6 8. Qxf6 Nxf6 9. Bc4 c6 10. d3 Nbd7 11. Bg5 h6 12. Bh4 g5 13. Bg3 Nh5 14. Bh2 b5 15. Bb3 0-0 16. 0-0-0 Be3+ 17. Kb1 Bf4 18. Bxf4 Nxf4 19. g3 Ne6 20. d4 Rad8 21. d5 cxd5 22. Rxd5 Ndc5 23. Nxb5 Nxe4 24. Nxa7 Nxg3 25. Rhd1 Nf4 26. Rxd6 Rxd6 27. Rxd6 Kg7 28. a4 Ne4 29. Rc6 Nd2+ 30. Kc1 Nxb3+ 31. cxb3 Nxh3 32. Nc8 g4 33. Ne7 f5 34. Ng6 Rf6 35. Rxf6 Kxf6 36. a5 f4 37. a6 f3 38. a7 f2 39. a8Q f1Q+ 40. Kc2 Qf2+ 41. Kd1 Kxg6 42. Qg8+ Kh5 43. Qe8+ Kh4 44. Qe7+ Ng5 45. Qg7 h5 46. Qc7 Qxb2 47. Qc4 Nf3 0-1